| 000 | 01189nam a2200373 a 4500 | ||
|---|---|---|---|
| 003 | AR-BaBNM | ||
| 005 | 20251128210001.0 | ||
| 008 | 082120s2002 ||||||||||||||000 | spa|| | ||
| 040 | _cAR-BaBNM | ||
| 110 | 1 |
_aArgentina _bMinisterio de Cultura y Educación |
|
| 245 | 0 | 0 |
_aConsulta a la sociedad _bla educación desestabilizada por la competitividad; las demandas del mundo del trabajo al sistema educativo |
| 260 |
_aBuenos Aires _bMinisterio de Cultura y Educación de la Nación _c1997 |
||
| 300 | _a479 p. | ||
| 490 | 0 | _aFuentes para la transformación curricular | |
| 500 | _aContiene índice analítico | ||
| 650 | 4 | _aCURRICULO | |
| 650 | 4 | _aCOMPETENCIAS | |
| 650 | 4 | _aEDUCACION Y EMPLEO | |
| 650 | 4 | _aDEMANDA DE EDUCACION | |
| 650 | 4 | _aNECESIDADES SOCIALES | |
| 651 | 4 | _aArgentina | |
| 653 | _aCONTENIDOS BASICOS COMUNES | ||
| 653 | _aSISTEMA EDUCATIVO | ||
| 653 | _aREFORMA EDUCATIVA | ||
| 700 | 1 | _aRojas, Eduardo | |
| 700 | 1 | _aCatalano, Ana María | |
| 700 | 1 | _aHernández, Daniel | |
| 700 | 1 | _aMarx, Jutta | |
| 700 | 1 | _aPuccio, Inés | |
| 700 | 1 | _aRosendo, Ricardo | |
| 700 | 1 |
_aDecibe, Susana B. _eprologuista |
|
| 942 | _cBK | ||
| 998 | _carturo | ||
| 999 |
_c13597 _d13597 |
||